|
|
|
|
| LEADER |
00000nab a2200000 a 4500 |
| 001 |
vtls000728140 |
| 003 |
SK-MaSNL |
| 005 |
20260319074526.0 |
| 008 |
160405c2000 xo 0 hun |
| 015 |
|
|
|a SNBRB2000/07-19485
|
| 035 |
|
|
|a CLN000080290
|
| 040 |
|
|
|a SNKBUCL
|b slo
|c SNKBUCL
|e AACR2
|
| 041 |
0 |
|
|a hun
|
| 044 |
|
|
|a xo
|c SK
|
| 080 |
|
|
|a 323.15(4):061.2
|2 1997
|
| 100 |
1 |
|
|a Korpás, Árpád
|4 ain
|9 366927
|
| 245 |
1 |
0 |
|a A lehető legmagasabbra a lécet!
|b Komlóssy József, az Európai Népcsoportok Föderalisztikus Uniójának (FUEN) alelnökeként bennünket is képvisel
|c Korpás Árpád
|
| 610 |
|
7 |
|a Federalistická únia európskych etnických skupín
|2 snkbucl
|9 918351
|
| 655 |
|
7 |
|a články z novín a časopisov
|2 snkbucl
|9 267496
|
| 700 |
1 |
|
|a Komlóssy, József
|4 aut
|4 uin
|9 918352
|
| 773 |
0 |
|
|t Új szó
|g Roč. 53, č. 132 (9.6.2000), s. 5
|
| 850 |
|
|
|a Slovenská národná knižnica v Martine
|
| 852 |
|
|
|a SNK
|b KIS3GCP
|
| 958 |
|
|
|a HU
|
| 958 |
|
|
|a RBX
|
| 999 |
|
|
|c 1454821
|d 1456751
|